|
|
|
|
| LEADER |
00848naa a2200229 i 4500 |
| 001 |
publ32828 |
| 005 |
20250507101414.0 |
| 008 |
250507s1988 hu o 000 eng d |
| 020 |
|
|
|a 9630549514
|
| 024 |
7 |
|
|a 1972933
|2 mtmt
|
| 040 |
|
|
|a SZTE Publicatio Repozitórium
|b hun
|
| 041 |
|
|
|a eng
|
| 100 |
1 |
|
|a Édes István
|
| 245 |
1 |
0 |
|a Effects of chronic alcohol ingestion on the myocardial lipid peroxidation and glutathione metabolizing enzyme contents in rats
|h [elektronikus dokumentum] /
|c Édes István
|
| 260 |
|
|
|a Akadémiai Kiadó Zrt.
|b Budapest
|c 1988
|
| 300 |
|
|
|a 6
|
| 300 |
|
|
|a 85-90
|
| 490 |
0 |
|
|a Oxygen free radicals and the tissue injury
|
| 650 |
|
4 |
|a Klinikai orvostan
|
| 700 |
0 |
1 |
|a Piros Györgyike Ágnes
|e aut
|
| 700 |
0 |
1 |
|a Csanády Miklós
|e aut
|
| 856 |
4 |
0 |
|u http://publicatio.bibl.u-szeged.hu/32828/1/aok_klny_158_88.pdf
|z Dokumentum-elérés
|